Регионална библиотека "Любен Каравелов" - Русе

Примката на призрака (Запис номер 346260)

MARC детайли
000 -Лидер
Контролно поле с фиксирана дължина 01354nam a2200373 c 4500
003 - Код на организацията, давaща контролен номер
Контролно поле BLK
005 - Дата и час на последна редакция
Контролно поле 20250708161910.0
008 - Елементи от данни с фиксирана дължина
fixed length control field 180409b bul|||||r ||||||| ||bul||
010 ## - Наследен системен номер
LC control number KNG00116236000
020 ## - Международен стандартен номер на книга ISBN
Международен стандартен номер на книга ISBN 9789542829171
040 ## - Източник на каталожния запис
Идентификатор на билиотеката - собственик на записа BLK
041 ## - Код за език
Код за езика на текст/звукозапис или на отделно заглавие Български
Код за езика КДБФ Български
080 ## - УДК
Текстов определител УДК Американска литература (на САЩ)
УДК код - определител по УДК 821.111(73)
УДК определител -31
УДК - код + определител 821.111(73)-31
100 1# - Редна дума - Автор
Автор Джеймз, Хенри
Авторска отговорност първи автор
R(LIN) 279160
139 ## - Редно поле
Редна дума Джеймс, Хенри
Авторски знак Дже - Д 50
245 10 - Сведения за заглавието
Заглавие Примката на призрака
Редно поле (дума) Хенри Джеймс; прев. от англ. Иглика Василева.
257 ## - Страна на издаване
Страна на създаване/издаване Съединени американски щати
260 ## - Област на издателските данни
Място на издаване, разпространение и проч. София
Име на издателя, разпространителя и проч. Сиела Норма
Година на издаване 2019
Печатница София |: Алианс Принт
9 (RLIN) 217021
Издателство - префикс ISBN 978-954-28-
300 ## - Физическа характеристика
Страници 176 с.
Размери/Мащаб 22 см
380 ## - Жанр
Жанр Худож. лит.
500 ## - Общи забележки
Забележка Ориг. загл. The Turn of the Screw / Henry James.
700 1# - Други автори (авторска отговорност)
Лично име Джеймс, Хенри
Автороска отговорност (Описва отношението между автора и произведението) *
9 (RLIN) 371297
700 1# - Други автори (авторска отговорност)
Лично име Василева, Иглика
Автороска отговорност (Описва отношението между автора и произведението) прев. от англ.
9 (RLIN) 363502
852 ## - Местоположение
Фондова буква Заемна - подръчен фонд
Систематично-азбучна сигнатура П 820(73)-31/Д 50
856 4# - Електронен адрес и достъп
Електронен формат pdf - файл
Инструкция (цена за достъп) 0.00
Права за достъп disable
856 4# - Електронен адрес и достъп
Електронен формат pdf - файл
Инструкция (цена за достъп) 0.00
Права за достъп disable
999 ## - СИСТЕМНИ КОНТРОЛНИ НОМЕРА
Koha biblionumber 346260
Koha biblioitemnumber 346260
942 ## - АРТИКУЛИ
Вид на библиотечния материал Книги
Скрит в OPAC Не
Периодичен библиозапис Да
Koha issues (borrowed), all copies 21
944 ## - СЪЗДАВАНЕ И РЕДАКЦИЯ на ЗАПИСА
Създаване/Редакция Създаване
Дата на регистрацията/редакция 2019-11-07
Служител, извършил регистрацията/редакцията 30531
Статус, дата на статуса Цветелина Шанова
944 ## - СЪЗДАВАНЕ И РЕДАКЦИЯ на ЗАПИСА
Създаване/Редакция Редакция
Дата на регистрацията/редакция 2019-11-07
999 ## - СИСТЕМНИ КОНТРОЛНИ НОМЕРА
Koha biblioitemnumber 346260
999 ## - СИСТЕМНИ КОНТРОЛНИ НОМЕРА
Koha biblioitemnumber 346260
999 ## - СИСТЕМНИ КОНТРОЛНИ НОМЕРА
Koha biblioitemnumber 346260
999 ## - СИСТЕМНИ КОНТРОЛНИ НОМЕРА
Koha biblioitemnumber 110903
Наличности
Код за отписване Код за изгубен артикул Източник на класификационната схема Код за повреда Коз за рестрикции Код за отдаване Артикулен № Име на библиотеката - собственик Име на библиотеката, в която се намира в момента Статус (Текущо местоположение) Дата на вписване в системата Местоположение - отдел Цена в лева Систематично азбучна сигнатура Баркод Цена в евро Служебен тип на артикула
  Не е изгубен Universal Decimal Classification Не е повреден без рестрикции заемане за дома 748977 Регионална библиотека "Любен Каравелов" Русе Регионална библиотека "Любен Каравелов" Русе Заемна - подръчен фонд 2019-11-11 Заемна - подръчен фонд 7.45 П 820(73)-31/Д 50 120000837771 3.81 Книги
  Не е изгубен Universal Decimal Classification Не е повреден без рестрикции заемане за дома 751979 Регионална библиотека "Любен Каравелов" Русе Регионална библиотека "Любен Каравелов" Русе Заемна - подръчен фонд 2019-12-12 Заемна - подръчен фонд 10.43 П 820(73)-31/Д 50 120000840392 5.33 Книги
Vip Innovations Ltd, Rousse, Bulgaria 2025